Enterprise Resource Management (Record no. 4941)
[ view plain ]
| 000 -LEADER | |
|---|---|
| fixed length control field | 00311nam a2200133Ia 4500 |
| 008 - FIXED-LENGTH DATA ELEMENTS--GENERAL INFORMATION | |
| fixed length control field | 191201s2009 xx 000 0 und d |
| 082 ## - DEWEY DECIMAL CLASSIFICATION NUMBER | |
| Classification number | 658.3 |
| Item number | SYE |
| 100 ## - MAIN ENTRY--PERSONAL NAME | |
| Personal name | SYAM,D.J |
| 245 #0 - TITLE STATEMENT | |
| Title | Enterprise Resource Management |
| 260 ## - PUBLICATION, DISTRIBUTION, ETC. (IMPRINT) | |
| Place of publication, distribution, etc | N. Delhi |
| Name of publisher, distributor, etc | Ane Books |
| Date of publication, distribution, etc | 2009 |
| 300 ## - PHYSICAL DESCRIPTION | |
| Extent | 231 |
| 650 ## - SUBJECT ADDED ENTRY--TOPICAL TERM | |
| Topical term or geographic name as entry element | BBA |
| 942 ## - ADDED ENTRY ELEMENTS (KOHA) | |
| Source of classification or shelving scheme | Dewey Decimal Classification |
| Koha item type | Text Books |
| Withdrawn status | Lost status | Source of classification or shelving scheme | Damaged status | Not for loan | Collection code | Home library | Current library | Date acquired | Source of acquisition | Cost, normal purchase price | Bill Number | Total Checkouts | Full call number | Acc. no. / Barcode | Date last seen | Date last borrowed | Bill Date | Koha item type |
|---|---|---|---|---|---|---|---|---|---|---|---|---|---|---|---|---|---|---|
| Dewey Decimal Classification | BBA | PIET C-LIBRARY | PIET C-LIBRARY | 30/07/2011 | The book company | 595.00 | IN-859 | 1 | 658.3 SYE | 17961 | 13/08/2025 | 22/07/2025 | 27/07/2011 | Text Books | ||||
| Dewey Decimal Classification | BBA | PIET C-LIBRARY | PIET C-LIBRARY | 30/07/2011 | The book company | 595.00 | IN-859 | 658.3 SYE | 17962 | 04/12/2019 | 27/07/2011 | Text Books | ||||||
| Dewey Decimal Classification | BBA | PIET C-LIBRARY | PIET C-LIBRARY | 30/07/2011 | The book company | 595.00 | IN-859 | 658.3 SYE | 17963 | 04/12/2019 | 27/07/2011 | Text Books | ||||||
| Dewey Decimal Classification | BBA | PIET C-LIBRARY | PIET C-LIBRARY | 30/07/2011 | The book company | 595.00 | IN-859 | 658.3 SYE | 17964 | 04/12/2019 | 27/07/2011 | Text Books | ||||||
| Dewey Decimal Classification | BBA | PIET C-LIBRARY | PIET C-LIBRARY | 30/07/2011 | The book company | 595.00 | IN-859 | 658.3 SYE | 17965 | 04/12/2019 | 27/07/2011 | Text Books |